000 00740nam a2200265Ia 4500
003 GCL
008 140319s9999 xx 000 0 ara d
040 _aGCL /
_cGCL
082 0 4 _a701.18
_bم ر
100 1 _aمحمود البسيونى
245 1 0 _aرحلة الابداع /
_cمحمود البسيونى
260 _a[S.N] :
_bدار المعارف ،
_c1990
300 _a175 ص
490 _a
650 0 4 _aمقالات ومحاضرات
650 0 4 _aالفن
650 0 4 _aالنحت
650 0 4 _aالفنون التشكيلية
650 0 4 _aالتصوير
650 0 4 _aالفن والمجتمع
650 0 4 _aالحفر
650 0 4 _aالفن والعلم
650 0 4 _aتاريخ ونقد
942 _2ddc
_cBK
999 _c58580
_d58580